Poder y orden: la estrategia de la minoría consistente

Đã lưu trong:
Chi tiết về thư mục
Tác giả chính: Lechner, Norbert
Định dạng: Texto
Được phát hành: Santiago :
Các nhãn: Thêm thẻ
Không có thẻ, Là người đầu tiên thẻ bản ghi này!

MARC

LEADER 00000 a a2200000 04500
001 16154
003
040
090 |a 012800  
100 |a Lechner, Norbert  
245 |a Poder y orden: la estrategia de la minoría consistente  
260 |a Santiago :  
300 |a 139 p.  
999 |c 12745  |d 12745